000 00356nam a2200145Ia 4500
001 3898
008 241024s9999 xx 000 0 und d
020 _a978-9945-465-39-6
082 _aRD/863.97293/SL634p
100 _aMiriam Slujalkovsky Jiménez
245 0 _aPancho
260 _bEdiciones CP
_c2013
901 _a28/1/2015 3:34:22 p.m.
999 _c7764
_d7764